000 00401nam a2200157 a 4500
005 20140412111330.0
008 110408s19uu xx 00 eng d
020 _a0-75250-793-1
050 _aER
_bSl1 1995
100 _aRepchuk, Caroline
245 _aSleeping beauty /
_cCaroline Repchuk.
260 _aItaly :
_bParragon,
_c1995.
300 _aunp.
440 _afirst classics
999 _c104877
_d104877